[Event "EU-chT (Men) 15th"]
[Site "Gothenburg"]
[Date "2005.08.04"]
[Round "6.1"]
[White "Kozul, Zdenko"]
[Black "Stefansson, Hannes"]
[Result "1/2-1/2"]
[WhiteElo "2585"]
[BlackElo "2579"]
[Annotator "Marin,M"]
[PlyCount "161"]
[EventDate "2005.07.30"]
[EventType "team-swiss"]
[EventRounds "9"]
[EventCountry "SWE"]
[SourceTitle "CBM 109"]
[Source "ChessBase"]
[SourceDate "2005.11.14"]
[SourceVersion "1"]
[SourceVersionDate "2005.11.14"]
[SourceQuality "1"]
[WhiteTeam "Croatia"]
[BlackTeam "Iceland"]
[WhiteTeamCountry "CRO"]
[BlackTeamCountry "ISL"]

1. Nf3 Nf6 2. g3 d5 3. Bg2 g6 4. c4 c6 5. b3 Bg7 6. Bb2 O-O {Against White's
Reti, Black chooses a setup typical for the Schlechter Slav. The fact that
White controls the e5-square by pieces alone (P on d3) certainly induces
differences compared to the normal lines.} 7. O-O Bg4 8. d3 Nbd7 ({This
natural developing move certainly looks stronger than} 8... Qc8 {0-1 Schebler,
G (2496)-Votava,J (2505)/Germany 2005/CBM 106 [Marin] (71)}) 9. Nbd2 Re8 {
The most principled continuation. Black intends to occupy the centre with a
second pawn. White is at crossroads.} 10. Ne5 {This is the radical method of
crossing Black's plan. By the physical ocupation of the central square, White
prevents ...e5 for a while. This operation will obviously lead to considerable
simplifications, but on the other hand White shouldn't fear such a course of
the game, since he is the one with less space. His hopes are connected with
the possibility that Black gets over-extended.} ({White has also an entirely
different approach at his disposal. He can simply ignore Black's threat by
continuing to develop with} 10. Rc1 e5 11. cxd5 cxd5 12. h3 Bxf3 13. Nxf3 {
This is a first critical position. It can be reached from a different move
order, starting with 10.h3 as well. As a compensation for Black's powerful
centre, White has a very flexible position and the pair of bishops. The
d7-knight is not optimally placed (c6 would be a better square). White will
tryto increase the pressure against the enemy pawns, combining with an
eventually invasion along the c-file and a well timed break based on d4 or e4.}
e4 {This move was played almost without exception in all the games between
very strong players. However, I have the feeling that such an approach only
gives White possibilities of active play, once the pawns have abandoned their
optimal side-by-side position. One possible explanation for the popularity of
this move at high level is that Black tends to fear reaching a reversed King's
Indian type of position after White's e2-e4.} (13... Bf8 {[%csl Rc7,Gc8,Ge5]
[%cal Yf8d6,Yd7b6,Ya8c8]} 14. Qc2 (14. d4 e4 15. Ne5 Bd6) (14. e4 $5) 14... Bd6
15. Nd2 Nb6 16. Rfd1 Qe7 17. Nf1 Qe6 18. Ne3 Re7 {1/2-1/2 Olivera,H-Tempone,M/
Buenos Aires 1978/EXT 2000}) (13... Qb6 14. Rc2 (14. Qc2 $5) 14... e4 15. Bd4
Qa6 16. dxe4 dxe4 17. Nd2 Rad8 18. e3 $14 h5 19. Qa1 Bf8 20. Rd1 h4 $6 21. g4
Qe6 {0-1 Fahnenschmidt,G (2340)-Gutman,L (2530)/Germany 1987/GER-chT (37)} 22.
Bxf6 Nxf6 23. g5 $16 {[%csl Ye4]}) 14. Nd4 (14. dxe4 dxe4 15. Nd4 Qa5 (15...
Qb6 {1-0 Glek,I (2590)-Van Mil,J (2475)/Wijk aan Zee 1995/CBM 046/[Horn,Pe] 
(46)}) 16. a3 Rac8 17. b4 Qd5 18. Qb3 Qxb3 19. Nxb3 b6 20. Rfd1 Rxc1 21. Rxc1
Nd5 22. Bxg7 Kxg7 23. Nd4 N7f6 24. e3 h5 25. Bf1 Kf8 26. Bb5 $14 {1/2-1/2
Taimanov,M (2505)-Leko,P (2545)/Nettetal 1994/EXT 2004 (44)}) 14... Qb6 15. Nc2
Qa6 $6 (15... Nh5 {Polugajevsky}) 16. a3 Rad8 17. Nb4 Qb5 18. Bd4 Nh5 19. Bxg7
Nxg7 (19... Kxg7 20. Qc2 a5 21. Na2 exd3 22. exd3 Ne5 23. d4 Nc6 24. Nc3 Qb6
25. Nxd5 Qxd4 26. Rfd1 $14 {Polugajevsky}) 20. dxe4 dxe4 21. Nd5 Qa5 22. b4
Qxa3 23. Qc2 Nf5 24. Ra1 Nd4 25. Qd2 $18 {1-0 Polugaevsky,L (2630)-Taimanov,M 
(2580)/Leningrad 1974/URS-ch (36)}) 10... Nxe5 11. Bxe5 Qd7 {The most
consistent move, connecting the rooks and threatening ...Bh3.} (11... Qa5 {
This apparently active move is not connected with any concrete plan.} 12. Rc1
Rad8 ({It appears that the a2-pawn is taboo:} 12... Qxa2 $2 13. Ra1 $18) 13.
cxd5 Nxd5 (13... cxd5 $2 14. Bc7 $18) 14. Bxg7 Kxg7 15. Nc4 Qb5 16. Qd2 f6 17.
d4 $14 {1-0 Blatny,P (2540)-Uhlmann,W (2480)/Germany 1997/GER-chT (46)}) ({
The forced operation initiated by} 11... Ne4 {is sound from a tactical point
of view but does not solve all Black's strategic problems:} 12. Bxg7 Nxd2 13.
Qxd2 Kxg7 14. cxd5 cxd5 15. Rac1 {White has a minimal advance in development
and the hanging d5-pawn will most probbaly enable him maintain this state of
facts.} Qd6 16. h3 Bd7 17. Qc3+ Kg8 18. h4 {probably too slow.} (18. Qc7 Qxc7
19. Rxc7 Bc6 20. Rc1 {-preventing Rc8-} e6 $1 21. b4 Rac8 22. Rxc8 Rxc8 $11) (
18. Qc5 $1 Qxc5 19. Rxc5 e6 20. e4 dxe4 21. Bxe4 $14) 18... Bc6 (18... Rac8 19.
Qd4 Bc6 20. Qxa7 $140 Ra8 21. Qc5 Qxc5 22. Rxc5 Rxa2 $11) 19. Qc5 Qd7 20. f4 $5
$13 {1-0 Olafsson,H (2485)-Gunnarsson,J (2180)/Gardabaer 1996/EXT 98 (57)}) 12.
Re1 ({White should not hurry with the exchange on d5, because this would
deprive him from the possibility of launching the typical queen side attack
based on b4-b5xc6.} 12. cxd5 cxd5 13. Nf3 Qf5 14. Re1 Rac8 15. Qd2 Bxf3 16.
exf3 b6 17. f4 Nd7 $11 {1/2-1/2 Dizdar,G (2455)-Smejkal,J (2560)/Sarajevo 1983/
MCD (49)}) 12... Nh5 {Black continues to play consequently; he clears now the
way of his e-pawn.} (12... Qf5 13. f4 Qh5 14. Nf3 Bh3 15. Qd2 Bh6 16. Bxh3 ({
Since Black's king side threats are not too dangerous, White could have tried
to take advantage of the lack of defence of the queen side with} 16. Qb4 $1)
16... Qxh3 17. Bxf6 exf6 18. cxd5 cxd5 19. e3 Bf8 20. Rac1 a5 $132 {0-1 Kengis,
E (2570)-Kachiani Gersinska,K (2390)/Regensburg 1996/CBM 050 ext (29)}) 13.
Bxg7 Kxg7 14. b4 Nf6 15. Qc2 e5 16. Qb2 Bh3 17. Bh1 Rad8 18. Rab1 {[%cal Yh1b7,
Yb2g7,Rb4b5] Both sides have arranged their pieces in optimal way. In spite of
Black's advantage of space, White's position is more flexible and his play
easier (he just has to provoke the opening of a queen side file, while Black
cannot put into motion his central pawns, mainly because of the pressure along
both diagonals.)} d4 19. b5 c5 $5 {An interesting decision. Black decides to
freeze the queen side and consolidate his centre even though at the cost of
losing an exchange.} (19... cxb5 20. Qxb5 Qxb5 21. Rxb5 b6 22. a4 $36) 20. Qa3
b6 21. Bc6 Qc7 22. Bxe8 Rxe8 23. f3 $44 {Black has reasonable compensation for
the exchange. Although the further course of the game suggests that White is
the only one entitled to claim an advantage, Black dosen't seem in big danger
either.} h5 24. Qc1 Rh8 25. Ne4 Nxe4 26. dxe4 Be6 27. Rb2 a5 28. Rd1 Qe7 29.
Rc2 Rc8 30. h4 f6 31. e3 Bf7 32. Qa3 Qd7 33. Kh2 Rc7 34. Qc1 Qe7 35. a4 Be6 36.
Kg1 Rc8 37. Qa3 Qc7 38. Kf2 Kf7 39. Rdc1 Rd8 40. exd4 Rxd4 41. Qe3 Kg7 42. Rd2
Bxc4 43. Qc3 Rxd2+ 44. Qxd2 Bb3 45. Qb2 Qf7 46. Qa1 Qd7 47. Qc3 Bxa4 48. Rb1
Bxb5 49. Ke1 a4 50. Qd2 Qc6 51. Qb2 Bc4 52. Qxb6 Qxb6 53. Rxb6 f5 54. Rb7+ Kf6
55. Ra7 fxe4 56. Rxa4 Bb5 57. Rxe4 Bc6 58. Re3 Bd5 59. Kf2 c4 60. Ra3 Be6 61.
Ra6 Kf7 62. Ke3 Bf5 63. Rc6 Bd3 64. Rd6 Bf5 65. Rc6 Bd3 66. Kd2 Ke7 67. Kc3 Kf7
68. Kd2 Ke7 69. Ke3 Kf7 70. Ra6 Ke7 71. Rb6 Kf7 72. f4 exf4+ 73. gxf4 Ke7 74.
Kd4 Kd7 75. Rb5 Ke6 76. Re5+ Kf6 77. Rg5 Ke6 78. Ra5 Kf6 79. Re5 Kf7 80. Rc5
Kf6 81. Re5 1/2-1/2

[Event "Paris FIDE GP"]
[Site "Elancourt"]
[Date "2013.09.25"]
[Round "4"]
[White "Wang, Hao"]
[Black "Nakamura, Hikaru"]
[Result "1/2-1/2"]
[WhiteElo "2747"]
[BlackElo "2772"]
[Annotator "Marin,M"]
[PlyCount "73"]
[EventDate "2013.09.22"]
[EventType "tourn"]
[EventRounds "11"]
[EventCountry "FRA"]
[EventCategory "20"]
[SourceTitle "CBM 157"]
[Source "ChessBase"]
[SourceDate "2013.11.12"]
[SourceVersion "1"]
[SourceVersionDate "2013.11.12"]
[SourceQuality "1"]

1. Nf3 d5 2. g3 Bg4 3. Bg2 c6 4. c4 e6 5. O-O Nd7 6. cxd5 exd5 7. d3 Ngf6 8.
Nc3 {A familiar tabiya, but the next move is the least popular among the ways
of developing the king's bishop.} Bd6 (8... Bc5 9. h3 (9. Qb3 Bb6 10. Na4 O-O
11. Nxb6 axb6 12. Qc2 Qe7 (12... h6 13. b4 Qe7 14. Rb1 $36 {Marin,M (2556)
-Gustafsson,J (2634)/Reggio Emilia 2009/CBM 128 (1-0, 40)}) 13. b3 Ne5 14. Be3
{Fressinet,L (2706)-Adams,M (2727)/Paris/St Petersburg 2013/CBM 154/[Sumets,A]
(1/2, 72)}) 9... Bxf3 (9... Bh5 10. a3 a5 11. e4 dxe4 12. dxe4 O-O 13. Bf4 Re8
14. Qc2 h6 15. Rad1 g5 16. e5 $1 $36 {Marin,M (2530)-Krasenkow,M (2655)/Elista
1998/CBM 066 ext/[Horn,Pe] (1-0, 40)}) 10. Bxf3 O-O 11. e4 dxe4 12. dxe4 Ne5
13. Be2 Re8 14. Kg2 Ng6 15. Qc2 $132 {Shirov,A (2726)-Short,N (2697)/Sarajevo
1999/CBM 071/[Shirov] (1/2, 32)}) 9. h3 $5 Bxf3 {The natural reaction. In the
Slav/Reti setups Black does not mind giving away his bishop.} (9... Bh5 10. e4
({The attempt to keep the control of the central squares with pieces just
failed after:} 10. Nd4 O-O 11. Nf5 Bc7 12. Be3 Re8 13. Qd2 Nf8 14. b4 Ne6 15.
Nd4 Bb6 $15 {(1/2, 41) Vaganian,R (2595)-Murey,J (2505)/Marseille 1987/TD; and
White starts losing ground in the centre.}) 10... O-O 11. exd5 cxd5 12. g4 Bg6
13. Nh4 $14 {Radjabov,T (2744)-Ivanchuk,V (2768)/Ningbo 2011/CBM 144 (1/2, 43).
We see that here White gets the bishop pair under more favourable
circumstances.}) 10. Bxf3 (10. exf3 {led to highly original play in the only
game where it was played.} O-O 11. f4 Re8 12. g4 {The advance of the kingside
pawns does not seem too threatening, but Vaganian went all the way and
eventually squeezed out a draw.} Nc5 13. g5 Nfd7 14. f5 d4 15. Ne4 Nxe4 16.
dxe4 {Even more originality. The position becomes very unbalanced now.} Nc5 17.
Re1 d3 18. b4 Na6 19. a3 c5 20. f4 c4 21. Bd2 c3 22. Bxc3 Bxf4 23. g6 hxg6 24.
fxg6 fxg6 25. Qb3+ Kh7 26. Rad1 Rc8 27. Rf1 Rf8 28. Kh1 Nc7 29. Rf3 d2 30. Bxd2
{1/2 Vaganian,R (2595)-Kramnik,V (2765)/Yerevan 1996/EXT 1997}) 10... d4 (10...
O-O 11. e4 (11. Bg2 {Kirov,N (2485)-Kurtenkov,A (2455)/Plovdiv 1986/EXT 2000/
[Bulletin] (1/2, 39)}) 11... dxe4 12. dxe4 {offers White some chances to
advance his kingside majority:} Be5 {Probably the best way to set up some
piece pressure.} (12... Qc7 13. Bg2 Rad8 14. Qc2 Nc5 15. f4 Ne6 16. Kh2 Bc5 17.
e5 Nd5 18. Nxd5 cxd5 19. Qd3 $14 {Dizdar,G (2531)-Miroshnichenko,E (2599)/
Dubai 2004/CBM 101 (1/2, 51)}) 13. Bg2 Re8 14. Qc2 Nc5 15. Be3 Qe7 16. Ne2 Bd6
17. f3 {This only looks ugly; in fact, the pawns are only temporarily immobile.
} Nd5 18. Bf2 Nb4 19. Qc3 a5 {Black seems to have active play, but while the
enemy pawns are not blocked, we cannot speak about plain equality yet.} 20. Nd4
g6 21. Rfd1 Rad8 22. Bf1 Be5 23. a3 Ne6 $5 {Fighting hard against being pushed
back by the white pawns.} 24. axb4 axb4 25. Nxc6 bxc3 26. Nxe7+ Rxe7 27. Rxd8+
Nxd8 28. bxc3 Bxc3 29. Rd1 $14 {Giorgadze,G (2601)-Ivanov,S (2538)/Saint
Vincent 2005/CBM 110 (1/2, 39). Objectively, Black should count on reaching a
draw, but not without a bit of suffering.}) 11. Ne4 Nxe4 12. dxe4 $5 {Wang Hao
played this after 11 minutes and apparently thought it was a novelty. In fact,
it had been played just once before.} (12. Bxe4 O-O 13. Bg2 Qb6 14. e4 dxe3 15.
Bxe3 {1/2 Vaulin,A (2490)-Yagupov,I (2405)/St Petersburg 1995/EXT 1997}) 12...
Bc5 13. b4 {A logical move, although Wang Hao was not sure about its merits.} (
{Focusing on the kingside would not achieve any positive results:} 13. Bg2 Qe7
14. Kh2 O-O 15. f4 {The main problem is that White does not really threaten
e4-e5, which would run into ...f7-f6.} Rfe8 16. Bd2 Bb6 17. Be1 Rad8 18. Bf2
Nf6 {After having completed his development, Black forces the advance of the
e-pawn anyway.} 19. e5 Nd5 $15 {[%cal Gf7f6]}) 13... Bb6 14. Bb2 Ne5 15. Bg2
$146 {Played almost instantly. Obviously, Wang Hao did not wish to part with
his bishop.} (15. Qb3 a5 16. a3 O-O 17. Bg2 Qe7 18. f4 a4 19. Qa2 d3+ 20. e3
Bxe3+ 21. Kh2 Ng6 22. Rad1 Rfd8 $132 {Gabuzyan,H (2394)-Oparin,G (2368)/Moscow
2011/CBM 143 Extra (1/2, 31)}) 15... Nc4 16. Bc1 Qe7 17. Qb3 Nd6 18. a4 a6 19.
Bf4 ({Nakamura was mainly considering} 19. e5 Qxe5 20. Bf4 Qe7 21. b5 axb5 22.
Bxd6 Qxd6 23. axb5 Rxa1 24. Rxa1 d3 $1 {Only here Nakamura's line became
inaccurate.} (24... Bd8 $6 {Nakamura} 25. Ra7 $14) 25. e3 (25. exd3 Bxf2+ $1) (
25. Qxd3 Qxd3 26. exd3 Kd7 $11) ({the last move also parries} 25. Ra8+ $2 Ke7
26. Rxh8 {n view of} dxe2 $1 $19 {promoting to a queen.}) 25... d2 26. Rd1 Ba5
27. Qa2 Qb4 28. bxc6 bxc6 29. Bxc6+ Ke7 $11) ({White might have retained
better chances for some long term domination on the light squares with:} 19.
Qd3 {Actually this square was asking to be occupied!} O-O 20. Ba3 (20. Bb2 Rad8
21. Rfd1 Rfe8) (20. Bf4 $5) 20... Rfe8 21. b5 axb5 22. Bxd6 Qxd6 23. axb5 $14 {
I do not understand the engines' scepticism: White's position is very pleasant.
}) 19... Nxe4 20. b5 cxb5 21. axb5 a5 22. Qd5 {More or less forcing
simplifications and a draw.} Nc3 23. Qxb7 Nxe2+ (23... Qxb7 24. Bxb7 Ra7 25.
Bc6+ Ke7 26. Kg2 $11) 24. Kh2 Qxb7 25. Bxb7 Rd8 26. Rae1 d3 27. Bf3 $11 {
The rest is simple.} O-O 28. Bxe2 dxe2 29. Rxe2 Rd5 30. Rb1 g5 31. Be3 Bxe3 32.
Rxe3 Rb8 33. b6 a4 34. b7 Rd7 35. Ra3 Rbxb7 36. Rxb7 Rxb7 37. Rxa4 {Even the
Sofia rule officials would have no objection to a draw agreement in such a
position!} 1/2-1/2

[Event "EU-ch 6th"]
[Site "Warsaw"]
[Date "2005.06.26"]
[Round "8"]
[White "Dizdar, Goran"]
[Black "Babula, Vlastimil"]
[Result "1/2-1/2"]
[WhiteElo "2524"]
[BlackElo "2584"]
[Annotator "Marin,M"]
[PlyCount "70"]
[EventDate "2005.06.18"]
[EventType "swiss"]
[EventRounds "13"]
[EventCountry "POL"]
[SourceTitle "CBM 108"]
[Source "ChessBase"]
[SourceDate "2005.09.26"]
[SourceVersion "1"]
[SourceVersionDate "2005.09.26"]
[SourceQuality "1"]

1. Nf3 Nf6 2. g3 d5 3. Bg2 c6 4. O-O Bg4 5. c4 e6 6. d3 Nbd7 7. cxd5 exd5 8.
Nc3 Bc5 9. Qb3 {Dizdar is a great expert of this variation. Theory is mainly
build on the basis of his games.} b5 $5 $146 {A highly unusual way of
defending the b7-pawn. Black hopes to leave the white queen misplaced on b3
and eventually start active queen side operations himself.} (9... Qc8 {looks
rather passive and allowed White to carry out the minority's attack in a
favourable form, though after a laboriouspreparatory phase:} 10. Bf4 O-O 11.
Na4 Nh5 12. Bd2 Bd6 13. Rac1 Nhf6 14. Nd4 Be5 15. Nf3 Bc7 16. Rfe1 Re8 17. Nd4
Be5 18. Nf3 Bc7 19. a3 h5 20. Qc2 Ne5 21. Nd4 Bh3 22. Bg5 Nh7 23. Bf4 Bxg2 24.
Kxg2 h4 25. b4 a6 26. Nc5 Nf8 27. e4 Nfg6 28. Bxe5 Nxe5 29. f4 Nd7 30. e5 a5
31. Nxd7 Qxd7 32. b5 $1 $16 {1-0 Dizdar,G (2505)-Chernin,A (2580)/New York
1989/CBM 012 (40)}) (9... Bb6 {looks more solid but has the drawback of giving
up the pair of bishops.} 10. Na4 O-O 11. Nxb6 axb6 12. Qc2 Re8 13. Re1 Qe7 14.
b3 Qc5 (14... Ne5 15. Nxe5 Qxe5 16. Bb2 Qh5 17. Bxf6 gxf6 18. e3 Bf3 19. a4 Re6
20. Qc3 Bxg2 21. Kxg2 Qe5 22. Qb4 c5 23. Qg4+ Kh8 24. d4 f5 25. Qd1 Qd6 26. Qd3
Rf6 27. Red1 Rd8 28. Rac1 Qe7 29. Kg1 Kg8 30. Rc2 Qd6 31. Qb5 cxd4 32. Rxd4 Qe5
33. Rcd2 Rfd6 34. Qd3 $16 {1-0 Dizdar,G (2495)-Lukacs,P (2490)/Debrecen 1992/
EU-chT (58)}) 15. Qd2 Qd6 16. Bb2 Bxf3 17. Bxf3 Ne5 18. Bg2 d4 19. a4 Rad8 20.
a5 bxa5 21. Qxa5 c5 22. Qb5 b6 23. b4 cxb4 24. Rec1 Neg4 25. Rc4 Qe6 26. Bf3
Ne5 27. Rxb4 Nxf3+ 28. exf3 Qe2 29. Rxd4 Qxf3 30. Rxd8 Rxd8 31. Qxb6 Qxd3 32.
Bxf6 gxf6 33. Qxf6 $14 {1-0 Dizdar,G (2563)-Landenbergue,C (2420)/Geneve 1999/
CBM 068 ext (51)}) ({According to the database, Dizdar has never won a game
against} 9... Nb6 10. Qc2 (10. Bg5 {is inoffensive. Giving up the dark squared
bishop is not a good idea combined with the typical plan involving e2-e4.} h6
11. Bxf6 Qxf6 12. Rac1 Bd6 13. a4 Rb8 14. Nd2 O-O 15. e4 {1/2-1/2 Dizdar,G 
(2490)-Velikov,P (2475)/Groningen 1988/EXT 97}) 10... O-O 11. e4 (11. a3 $5 a5
12. e4) 11... dxe4 12. dxe4 Re8 (12... Nfd7 13. Bg5 f6 14. Bf4 Qe7 15. h3 Bh5
16. g4 Bf7 17. Nh4 g6 18. Bg3 Ne5 19. b3 a5 20. Kh1 a4 21. f4 {1/2-1/2 Dizdar,
G (2490)-Rogic,D (2280)/Zagreb 1993/CBM 035}) 13. h3 Bh5 14. Bf4 Nfd7 15. g4
Bg6 16. Bg3 h5 17. Nh4 (17. Rad1 $5) 17... hxg4 18. Nxg6 Qg5 $1 (18... fxg6 19.
hxg4 $14) 19. b4 (19. hxg4 Qxg6 $15) 19... Bd4 20. Nf4 gxh3 21. Nxh3 Qxg3 22.
Ne2 Qe5 23. Rad1 c5 24. Nxd4 cxd4 25. f4 Qh5 $13 {1/2-1/2 Dizdar,G (2525)
-Bukal,V (2425)/Medulin 2002/CBM 090 ext (49)}) 10. h3 Bh5 11. e3 O-O 12. Ne2 {
Since Black's queen side pawns restrict the white pieces, Dizdar rightly
decided to regroup.} Bb6 13. Qc2 (13. a4 $5 Nc5 (13... a6 14. Ned4 $14) 14. Qc2
Nxa4 (14... bxa4 15. Bd2 Nfd7 16. d4 $14) 15. Qxc6 a6 16. Qc2 Rc8 17. Qb1 Qd7
18. b3 $14) 13... c5 $6 {This plan is not without risk. White has a very solid
position that is likely to resist against this kind of aggressions. At the
same time, the weaknesses left behind by the pawns will not easy to cover by
the black pieces.} 14. a4 c4 $5 15. Nf4 (15. axb5 $2 Bxf3 16. Bxf3 Ne5 $19)
15... Bxf3 16. Bxf3 Ne5 17. Bg2 b4 {Black has no choice. He has to continue
attacking.} ({Giving up the pressure would most likely leave him with an
unpleasant position, for instance:} 17... cxd3 18. Nxd3 Rc8 19. Qd1 Nxd3 20.
Qxd3 bxa4 21. Rxa4 Qd6 22. Bd2 Qe6 23. Bc3) 18. Rd1 b3 19. Qe2 {Black can
already not hold his positionby normal means.} g5 $6 {This consequent move
should have only made things worse for Black.} ({Maybe he should have aimed
for a worse but defensible position with.} 19... cxd3) 20. d4 $1 Ng6 (20... Nc6
21. Nh5 $16) 21. Nxd5 $1 {This piece sacrifice should have underlined the
over-extended character of Black's position.} (21. Nh5 {would have also been
strong.}) 21... Nxd5 22. Qxc4 $6 {But this move leaves most part of the
advantage escape.} ({He should have forced the bishop to get on a vulnerable
position with} 22. a5 $3 Bxa5 {and only now capture on c4:} 23. Qxc4 Nge7 (
23... Nde7 24. Bxa8 Qxa8 25. Rxa5 $18) 24. e4 Nf6 25. Bxg5 $18) 22... Nf6 23.
Qxb3 Re8 24. Qd3 Qe7 25. Bd2 Rab8 26. b4 Ne4 27. Be1 f5 28. Rac1 $13 {In spite
of the unusual material balance, both sides have a normal placement of pieces.}
f4 29. a5 Bd8 30. Rc6 fxg3 31. fxg3 Nf6 32. Bd2 Ne4 33. Be1 Nf6 34. Bd2 Ne4 35.
Be1 Nf6 1/2-1/2